| Tag |
First Indicator |
Second Indicator |
Subfields |
| LEADER |
00000cgm a2200000Ia 4500 |
| 001 |
in00002048421 |
| 005 |
20181201063722.0 |
| 007 |
vd cvaizk |
| 008 |
040526s2004 cau172 g vleng d |
| 020 |
|
|
|a 0792860446
|
| 024 |
1 |
0 |
|a 027616905710
|
| 028 |
4 |
3 |
|a 1006370 MGM Home Entertainment
|
| 035 |
|
|
|a (OCoLC)ocm55491926
|
| 040 |
|
|
|a XXA
|c XXA
|d OCLCQ
|d JED
|d RCS
|d IBI
|d OCLCQ
|d TXA
|d UtOrBLW
|
| 041 |
1 |
|
|a eng
|j fre
|j spa
|h eng
|g eng
|
| 049 |
|
|
|a TXAM
|
| 082 |
0 |
4 |
|a 791.43/72
|2 22
|
| 090 |
|
|
|a PN1995.9.W3
|b G73 2004
|
| 130 |
0 |
|
|a Great escape (Motion picture)
|
| 245 |
1 |
4 |
|a The great escape /
|c a Mirisch-Alpha picture ; produced and directed by John Sturges ; screenplay by James Clavell and W.R. Burnett.
|
| 250 |
|
|
|a Special ed.
|
| 264 |
|
1 |
|a Santa Monica, CA :
|b MGM Home Entertainment,
|c [2004]
|
| 264 |
|
4 |
|c ©2004
|
| 300 |
|
|
|a 2 videodiscs (172 min.) :
|b sound, color ;
|c 4 3/4 in. +
|e 1 booklet ([8] pages : color illustrations ; 19 cm.)
|
| 336 |
|
|
|a two-dimensional moving image
|b tdi
|2 rdacontent
|
| 337 |
|
|
|a video
|b v
|2 rdamedia
|
| 338 |
|
|
|a videodisc
|b vd
|2 rdacarrier
|
| 538 |
|
|
|a DVD; Dolby digital.
|
| 546 |
|
|
|a Closed-captioned. Sound tracks: English (5.1 surround and mono.), French (mono.), and Spanish (mono.), with optional subtitles in English, French, and Spanish.
|
| 511 |
1 |
|
|a Steve McQueen, James Garner, Richard Attenborough, James Donald, Charles Bronson, Donald Pleasance, James Coburn.
|
| 500 |
|
|
|a Originally released as a motion picture in 1963.
|
| 500 |
|
|
|a Based on the book by Paul Brickhill.
|
| 500 |
|
|
|a Presented in 16x9 widescreen (2.35:1).
|
| 500 |
|
|
|a New high-definition transfer.
|
| 500 |
|
|
|a "2-disc DVD collector's set"--Container.
|
| 521 |
8 |
|
|a Not rated. Special features contain unrated material.
|
| 520 |
|
|
|a A World War II melodrama about the escape of British and American flyers from a maximum-security German prison camp.
|
| 500 |
|
|
|a Special features. disc 1. Feature film. Audio commentary by director John Sturges, cast & crew ; Trivia track -- disc 2. Special features. The great escape : the untold story documentary ; The real Virgil Hilts : a man called Jones documentary ; 5 featurettes: Return to The great escape, Preparations for freedom, A standing ovation, Bringing fact to fiction, and The flight to freedom ; Photo gallery ; Original theatrical trailer.
|
| 500 |
|
|
|a Videorecording.
|
| 655 |
|
7 |
|a War films.
|2 lcgft
|
| 650 |
|
0 |
|a World War, 1939-1945
|x Prisoners and prisons, German
|v Drama.
|
| 650 |
|
0 |
|a World War, 1939-1945
|v Personal narratives, American
|v Drama.
|
| 650 |
|
0 |
|a World War, 1939-1945
|v Personal narratives, British
|v Drama.
|
| 650 |
|
0 |
|a Escapes
|v Drama.
|
| 650 |
|
7 |
|a Guerra Mundial I, 1914-1918
|x Prisioneros y prisiones alemanes
|v Teatro.
|2 bidex
|
| 650 |
|
7 |
|a Evasiones
|v Teatro.
|2 bidex
|
| 655 |
|
7 |
|a Historical films.
|2 lcgft
|
| 655 |
|
0 |
|a Motion pictures, American.
|
| 655 |
|
7 |
|a Feature films.
|2 lcgft
|
| 700 |
1 |
|
|a Sturges, John,
|d 1910-1992.
|
| 700 |
1 |
|
|a Clavell, James.
|
| 700 |
1 |
|
|a Burnett, W. R.
|q (William Riley),
|d 1899-1982.
|
| 700 |
1 |
|
|a McQueen, Steve,
|d 1930-1980.
|
| 700 |
1 |
|
|a Garner, James,
|d 1928-2014.
|
| 700 |
1 |
|
|a Attenborough, Richard.
|
| 700 |
1 |
|
|a Donald, James,
|d 1917-1993.
|
| 700 |
1 |
|
|a Bronson, Charles,
|d 1921-2003.
|
| 700 |
1 |
|
|a Pleasence, Donald.
|
| 700 |
1 |
|
|a Coburn, James.
|
| 700 |
1 |
|
|a Brickhill, Paul.
|t Great escape.
|
| 710 |
2 |
|
|a Mirisch-Alpha.
|
| 710 |
2 |
|
|a MGM Home Entertainment Inc.
|
| 948 |
|
|
|a cataloged
|b h
|c 2005/5/10
|d c
|e mphillip
|f 3:13:28 pm
|
| 994 |
|
|
|a C0
|b TXA
|
| 999 |
|
|
|a MARS
|
| 999 |
f |
f |
|s ae19b5f3-dbd1-3283-a1fe-1b0988f77221
|i 25ffa4ac-4a8d-36d7-be4e-07d320285313
|t 0
|
| 952 |
f |
f |
|p dvd
|a Texas A&M University
|b College Station
|c Sterling C. Evans Library
|s Evans Media and Reserves
|d Evans: Media and Reserves (Annex 1st floor)
|t 0
|e PN1995.9.W3 G73 2004
|h Library of Congress classification
|i video -- videodisc
|m A14833791302
|
| 998 |
f |
f |
|a PN1995.9.W3 G73 2004
|t 0
|l Evans: Media and Reserves (Annex 1st floor)
|